[Event "Karposh Open 2015"]
[Site "Skopje MKD"]
[Date "2015.03.27"]
[Round "1.25"]
[White "Unver, Cumali"]
[Black "Kosic, Dragan"]
[Result "0-1"]
[WhiteElo "2044"]
[BlackElo "2478"]
[PlyCount "50"]
[EventDate "2015.03.27"]
[EventType "swiss"]
[EventRounds "9"]
[EventCountry "MKD"]
[Source "lmi"]
[SourceDate "2015.03.27"]

1. e4 e6 2. d4 d5 3. exd5 exd5 4. Bd3 c5 5. dxc5 Bxc5 6. Nf3 Nf6 7. O-O O-O 8.
h3 Nc6 9. c3 Re8 10. Nbd2 Ne4 11. Nb3 Bb6 12. Bf4 Qf6 13. Bh2 Bf5 14. Bc2 Rad8
15. Nbd4 Bg6 16. Rc1 Bh5 17. Qd3 Qh6 18. Rfe1 Bxf3 19. Qxf3 Nxd4 20. cxd4 Bxd4
21. Bxe4 dxe4 22. Qf4 e3 23. f3 e2+ 24. Kh1 Qxf4 25. Bxf4 Bf2 0-1

[Event "Karposh Open 2015"]
[Site "Skopje MKD"]
[Date "2015.03.27"]
[Round "1.26"]
[White "Nedev, Trajko"]
[Black "Gurel, Ahmet Unal"]
[Result "1-0"]
[WhiteElo "2470"]
[BlackElo "2038"]
[PlyCount "127"]
[EventDate "2015.03.27"]
[EventType "swiss"]
[EventRounds "9"]
[EventCountry "MKD"]
[Source "lmi"]
[SourceDate "2015.03.27"]

1. e4 e5 2. Nf3 Nc6 3. Bc4 Nf6 4. d3 Bc5 5. O-O d6 6. c3 Bb6 7. Nbd2 Ne7 8. Re1
O-O 9. Nf1 Ng6 10. Bb3 h6 11. Ng3 Nh7 12. h3 Qf6 13. Nh5 Qe7 14. d4 Ng5 15. Nh2
Ne6 16. Be3 Qh4 17. Ng3 Nef4 18. Bc2 Be6 19. Kh1 Qf6 20. Nf5 Rfe8 21. Ng4 Qd8
22. Qf3 Bxf5 23. exf5 Nh4 24. Qg3 Qg5 25. dxe5 dxe5 26. Bxb6 axb6 27. Ne3 Qf6
28. Ng4 Qg5 29. Ne3 Qf6 30. Be4 Rad8 31. Ng4 Qg5 32. Ne3 Qf6 33. Rad1 c6 34.
Qh2 Nd5 35. Bxd5 cxd5 36. Nxd5 Qg5 37. f6 gxf6 38. Qg3 Kg7 39. Nxb6 Qxg3 40.
fxg3 Nf5 41. g4 Ne7 42. a4 Nc6 43. b4 Rxd1 44. Rxd1 e4 45. Re1 Kg6 46. Nc4 Re6
47. b5 Ne7 48. Ne3 f5 49. gxf5+ Nxf5 50. Nd5 Kg5 51. c4 h5 52. a5 e3 53. b6 e2
54. Kg1 Nd4 55. Kf2 Re5 56. a6 bxa6 57. b7 Re8 58. h4+ Kxh4 59. Nc7 Rb8 60. Rb1
Nc2 61. Kxe2 Na3 62. Rb3 Nxc4 63. Nxa6 Re8+ 64. Kf2 1-0

[Event "Karposh Open 2015"]
[Site "Skopje MKD"]
[Date "2015.03.27"]
[Round "1.28"]
[White "Arnaudov, G. Petar"]
[Black "Arizanov, Tome"]
[Result "1-0"]
[WhiteElo "2461"]
[BlackElo "2037"]
[PlyCount "43"]
[EventDate "2015.03.27"]
[EventType "swiss"]
[EventRounds "9"]
[EventCountry "MKD"]
[Source "lmi"]
[SourceDate "2015.03.27"]

1. Nf3 Nf6 2. c4 g6 3. Nc3 Bg7 4. e4 d6 5. d4 O-O 6. h3 c5 7. d5 Na6 8. Bg5 Ne8
9. Bd3 Nac7 10. O-O a6 11. a4 b6 12. Qd2 Rb8 13. Rfe1 Bd7 14. Bh6 b5 15. axb5
axb5 16. b3 bxc4 17. bxc4 e5 18. dxe6 Bxe6 19. Bf1 Rb3 20. e5 Qd7 21. Rad1 dxe5
22. Qc2 1-0

[Event "Karposh Open 2015"]
[Site "Skopje MKD"]
[Date "2015.03.27"]
[Round "1.29"]
[White "Garabetyan, Arno"]
[Black "Kanmazalp, Ogulcan"]
[Result "0-1"]
[WhiteElo "2035"]
[BlackElo "2458"]
[PlyCount "80"]
[EventDate "2015.03.27"]
[EventType "swiss"]
[EventRounds "9"]
[EventCountry "MKD"]
[Source "lmi"]
[SourceDate "2015.03.27"]

1. d4 Nf6 2. c4 e6 3. Nc3 Bb4 4. Qc2 O-O 5. Nf3 c5 6. dxc5 Na6 7. g3 Nxc5 8.
Bg2 Nce4 9. O-O Nxc3 10. bxc3 Be7 11. e4 d6 12. e5 dxe5 13. Nxe5 Qc7 14. Qe2
Ne8 15. Rb1 Nd6 16. Ba3 Rb8 17. Rfe1 Nf5 18. Bc1 f6 19. Nf3 e5 20. g4 Nd6 21.
Nd4 Re8 22. Bd5+ Kh8 23. Ne6 Bxe6 24. Bxe6 b6 25. g5 Bf8 26. Bd5 f5 27. g6 h6
28. Qh5 Qe7 29. f4 Nxc4 30. Bf7 Qc5+ 31. Kg2 e4 32. Qe2 Rec8 33. Rd1 Nd6 34.
Be6 Re8 35. Bd5 e3 36. c4 Ne4 37. Bb2 Qd6 38. Be5 Qxg6+ 39. Kh1 Rxe5 40. Rg1
Qd6 0-1

[Event "Karposh Open 2015"]
[Site "Skopje MKD"]
[Date "2015.03.27"]
[Round "1.30"]
[White "Antic, Dejan"]
[Black "Peev, Kosta"]
[Result "1-0"]
[WhiteElo "2457"]
[BlackElo "2030"]
[PlyCount "55"]
[EventDate "2015.03.27"]
[EventType "swiss"]
[EventRounds "9"]
[EventCountry "MKD"]
[Source "lmi"]
[SourceDate "2015.03.27"]

1. d4 Nf6 2. c4 c6 3. Nc3 d5 4. cxd5 cxd5 5. Bf4 Nc6 6. e3 e6 7. Bd3 Be7 8. h3
Bd7 9. Nf3 a6 10. O-O O-O 11. Rc1 Rc8 12. a3 Na5 13. Ne5 Nc4 14. Bxc4 dxc4 15.
e4 Bc6 16. Nxc6 Rxc6 17. d5 Rb6 18. Na4 Nxe4 19. Nxb6 Qxb6 20. Rxc4 exd5 21.
Qxd5 Nf6 22. Qd4 Qe6 23. Rc7 b5 24. Qe5 Qxe5 25. Bxe5 b4 26. Rxe7 bxa3 27. Bxf6
gxf6 28. bxa3 1-0

[Event "Karposh Open 2015"]
[Site "Skopje MKD"]
[Date "2015.03.27"]
[Round "1.31"]
[White "Bejatovic, Bojana"]
[Black "Kapnisis, Spyridon"]
[Result "0-1"]
[WhiteElo "2026"]
[BlackElo "2455"]
[PlyCount "72"]
[EventDate "2015.03.27"]
[EventType "swiss"]
[EventRounds "9"]
[EventCountry "MKD"]
[Source "lmi"]
[SourceDate "2015.03.27"]

1. d4 Nf6 2. Nf3 e6 3. Bg5 h6 4. Bh4 d6 5. Nbd2 g5 6. Bg3 Nh5 7. e3 Bg7 8. Bd3
Nc6 9. c4 Qe7 10. Qb3 a5 11. a3 O-O 12. O-O f5 13. h3 a4 14. Qd1 Nxg3 15. fxg3
e5 16. dxe5 Nxe5 17. Bc2 Nxf3+ 18. Qxf3 Bd7 19. e4 fxe4 20. Qxe4 Qxe4 21. Bxe4
Bxb2 22. Bd5+ Kg7 23. Rae1 Rxf1+ 24. Kxf1 Re8 25. Bxb7 Rxe1+ 26. Kxe1 Bxa3 27.
Kd1 Bb4 28. Ne4 a3 29. Kc1 Ba4 30. Bd5 Bb3 31. Kb1 c6 32. Be6 d5 33. cxd5 cxd5
34. g4 Bc4 35. Ka1 Ba5 36. g3 Be1 0-1

[Event "Karposh Open 2015"]
[Site "Skopje MKD"]
[Date "2015.03.27"]
[Round "1.32"]
[White "Annaberdiev, Meilis"]
[Black "Vassilev, Martin"]
[Result "1/2-1/2"]
[WhiteElo "2446"]
[BlackElo "2018"]
[PlyCount "119"]
[EventDate "2015.03.27"]
[EventType "swiss"]
[EventRounds "9"]
[EventCountry "MKD"]
[Source "lmi"]
[SourceDate "2015.03.27"]

1. e4 e6 2. d4 d5 3. Nd2 Nf6 4. Bd3 c5 5. c3 Nc6 6. Ngf3 cxd4 7. cxd4 dxe4 8.
Nxe4 Bb4+ 9. Nc3 O-O 10. O-O a6 11. a3 Be7 12. Bc2 b5 13. Qd3 g6 14. Re1 b4 15.
Ne4 Bb7 16. Bh6 Re8 17. Nc5 Bxc5 18. dxc5 Qxd3 19. Bxd3 Red8 20. Bg5 Kg7 21.
Be4 h6 22. Bxf6+ Kxf6 23. axb4 Rd7 24. Bxc6 Bxc6 25. Ne5 Rc7 26. Ra3 Bd5 27. h3
Rb8 28. Rxa6 Rxb4 29. Re2 Bc4 30. Ng4+ Kg7 31. Rb6 Bxe2 32. Rxb4 Bxg4 33. Rxg4
Rxc5 34. b4 Rc1+ 35. Kh2 Rb1 36. Rc4 Kf6 37. g4 Rb3 38. Kg2 Ke5 39. f3 f5 40.
Kg3 g5 41. gxf5 Kxf5 42. h4 gxh4+ 43. Rxh4 Kg5 44. Rc4 e5 45. Kf2 Kf5 46. Ke2
Ke6 47. Rh4 Kd5 48. Kf2 Rb1 49. Re4 Rb2+ 50. Kg3 Rb3 51. Kg4 h5+ 52. Kg3 Rd3
53. Rh4 Rb3 54. Kg2 Rb2+ 55. Kh3 Rb1 56. Re4 Rb3 57. Kg2 Rd3 58. Kg3 Rb3 59.
Rh4 Rb2 60. Rxh5 1/2-1/2

[Event "Karposh Open 2015"]
[Site "Skopje MKD"]
[Date "2015.03.27"]
[Round "1.33"]
[White "Hadzi - Manev, Ljubomir"]
[Black "Haznedaroglu, Kivanc"]
[Result "0-1"]
[WhiteElo "2016"]
[BlackElo "2445"]
[PlyCount "66"]
[EventDate "2015.03.27"]
[EventType "swiss"]
[EventRounds "9"]
[EventCountry "MKD"]
[Source "lmi"]
[SourceDate "2015.03.27"]

1. d4 Nf6 2. Bg5 e6 3. e4 d5 4. Nd2 Be7 5. e5 Nfd7 6. Bxe7 Qxe7 7. c3 c5 8. a3
Nc6 9. Ngf3 O-O 10. Bd3 f6 11. Qe2 a6 12. O-O f5 13. c4 dxc4 14. Bxc4 cxd4 15.
Rac1 Rd8 16. Rfd1 Nc5 17. b4 Na4 18. Nb1 b5 19. Bb3 Bb7 20. Qc2 Nb6 21. Qxf5
Nd5 22. Qg4 Rac8 23. Nxd4 Nxd4 24. Rxc8 Rxc8 25. Qxd4 Qg5 26. g3 Qh5 27. Re1
Rf8 28. Bd1 Qg6 29. Bg4 Nf4 30. h3 h5 31. gxf4 hxg4 32. Kh2 Qh6 33. Qe3 Bf3 0-1

[Event "Karposh Open 2015"]
[Site "Skopje MKD"]
[Date "2015.03.27"]
[Round "1.34"]
[White "Drazic, Sinisa"]
[Black "Minas, Ioannis"]
[Result "1-0"]
[WhiteElo "2439"]
[BlackElo "2013"]
[PlyCount "95"]
[EventDate "2015.03.27"]
[EventType "swiss"]
[EventRounds "9"]
[EventCountry "MKD"]
[Source "lmi"]
[SourceDate "2015.03.27"]

1. d4 Nf6 2. Bg5 e6 3. e4 h6 4. Bxf6 gxf6 5. Nc3 b6 6. Qh5 Bb4 7. Nge2 Ba6 8.
O-O-O Qc8 9. a3 Be7 10. Ng3 Bxf1 11. Rhxf1 Qa6 12. f4 Qc4 13. Rf3 Nc6 14. Nb5
Ne5 15. Nxc7+ Qxc7 16. fxe5 Rc8 17. Rc3 Qb7 18. Rxc8+ Qxc8 19. exf6 Bxf6 20.
Kb1 Qc4 21. e5 Be7 22. Ne4 Rg8 23. Qxh6 Qe2 24. Nc3 Qxg2 25. h4 Rg6 26. Qh8+
Rg8 27. Qh7 Rg7 28. Qh5 Qg4 29. Qxg4 Rxg4 30. Nb5 f5 31. exf6 Bxf6 32. h5 Rg5
33. Nxa7 Rxh5 34. c3 Ra5 35. Nc8 Ra6 36. Nd6+ Ke7 37. Nc4 b5 38. Ne5 Ra8 39.
Rg1 Kd6 40. Nd3 Rh8 41. Kc2 Rh3 42. Rf1 Bg7 43. Rf7 Rh2+ 44. Kb3 Rh3 45. Rxg7
Rxd3 46. Rg5 Kc6 47. Rc5+ Kb6 48. Kb4 1-0

[Event "Karposh Open 2015"]
[Site "Skopje MKD"]
[Date "2015.03.27"]
[Round "1.35"]
[White "Markovski, Velo"]
[Black "Dourerassou, Jonathan"]
[Result "1-0"]
[WhiteElo "2011"]
[BlackElo "2438"]
[PlyCount "135"]
[EventDate "2015.03.27"]
[EventType "swiss"]
[EventRounds "9"]
[EventCountry "MKD"]
[Source "lmi"]
[SourceDate "2015.03.27"]

1. e4 c5 2. Nf3 Nc6 3. Nc3 d6 4. d4 cxd4 5. Nxd4 Nf6 6. Bg5 e6 7. Be2 Be7 8.
O-O a6 9. Qd2 h6 10. Bh4 O-O 11. Rad1 Bd7 12. Nb3 Qb6 13. Bxf6 Bxf6 14. Qxd6
Rad8 15. Na4 Qa7 16. Qc5 Qb8 17. Nb6 Bc8 18. c3 Qf4 19. Qe3 Qc7 20. Rxd8 Bxd8
21. Nxc8 Qxc8 22. Rd1 Qc7 23. g3 Be7 24. Nd4 Ne5 25. Kg2 Rc8 26. f4 Nc4 27.
Bxc4 Qxc4 28. Nb3 Qa4 29. Rd2 e5 30. Nc1 exf4 31. gxf4 Bc5 32. Qd3 Re8 33. Kf3
Qc6 34. Nb3 Ba7 35. Qd5 Qb6 36. Nd4 Bb8 37. Nf5 Qc7 38. e5 Kh7 39. Qd7 Rc8 40.
Ne7 Qxd7 41. Rxd7 Rc7 42. Rxc7 Bxc7 43. Ke4 g6 44. Nd5 Bd8 45. a4 Kg7 46. b4
Kf8 47. f5 gxf5+ 48. Kxf5 Ke8 49. Nf6+ Kf8 50. Nd7+ Ke7 51. Nc5 b5 52. a5 Ke8
53. Nxa6 Kd7 54. Nc5+ Kc6 55. Ne4 Bh4 56. h3 h5 57. Kf4 Bd8 58. Nd6 f6 59. Nf5
Bc7 60. Nd4+ Kd5 61. Nxb5 fxe5+ 62. Ke3 Bd8 63. a6 Bb6+ 64. Kd2 Kc6 65. a7 Kb7
66. c4 Bf2 67. c5 Ka8 68. c6 1-0

[Event "Karposh Open 2015"]
[Site "Skopje MKD"]
[Date "2015.03.27"]
[Round "1.37"]
[White "Gountras, Klearhos"]
[Black "Arsovic, Zoran"]
[Result "1-0"]
[WhiteElo "2005"]
[BlackElo "2428"]
[PlyCount "145"]
[EventDate "2015.03.27"]
[EventType "swiss"]
[EventRounds "9"]
[EventCountry "MKD"]
[Source "lmi"]
[SourceDate "2015.03.27"]

1. c4 Nf6 2. g3 e5 3. Bg2 c6 4. d4 exd4 5. Qxd4 d5 6. Nf3 Be6 7. Ng5 Nbd7 8.
Nxe6 fxe6 9. O-O Bc5 10. Qc3 O-O 11. Be3 Bxe3 12. Qxe3 Qe8 13. h3 Qf7 14. Nd2
a6 15. Nf3 Rae8 16. Ne5 Qh5 17. Nxd7 Nxd7 18. Rac1 Qe5 19. Qxe5 Nxe5 20. cxd5
exd5 21. b3 g5 22. Rfd1 Ng6 23. e3 Re7 24. Rd4 Rfe8 25. Kf1 Kg7 26. a4 h5 27.
Rc3 h4 28. e4 hxg3 29. fxg3 dxe4 30. Re3 Kf6 31. Rdxe4 Rxe4 32. Rxe4 Rd8 33.
Rb4 Rd7 34. Be4 Ne5 35. Kf2 Ke6 36. Ke3 Rg7 37. Rd4 Nf7 38. Rd1 Nd6 39. Bd3 Ke5
40. Rh1 Rg8 41. h4 gxh4 42. gxh4 Rg3+ 43. Kd2 Kd4 44. Bc2 Nf7 45. h5 Rg2+ 46.
Kc1 Nh6 47. Kb2 Kc5 48. Kc3 Rg3+ 49. Bd3 Kd6 50. b4 c5 51. bxc5+ Kxc5 52. Rh4
Ng4 53. h6 Ne5 54. h7 Rxd3+ 55. Kc2 Rd8 56. Rh5 Kb4 57. Rxe5 Rh8 58. Rh5 Kc4
59. Kd2 Kb4 60. Kd3 Rd8+ 61. Ke4 Rh8 62. Kd4 Rd8+ 63. Ke5 Kxa4 64. h8=Q Rxh8
65. Rxh8 Kb4 66. Kd4 b5 67. Kd3 a5 68. Kc2 Ka3 69. Kb1 a4 70. Rh3+ Kb4 71. Kb2
Ka5 72. Kc3 b4+ 73. Kc4 1-0

[Event "Karposh Open 2015"]
[Site "Skopje MKD"]
[Date "2015.03.27"]
[Round "1.38"]
[White "Doncea, Vladimir"]
[Black "Olcum, Ahmet"]
[Result "1-0"]
[WhiteElo "2421"]
[BlackElo "2003"]
[PlyCount "57"]
[EventDate "2015.03.27"]
[EventType "swiss"]
[EventRounds "9"]
[EventCountry "MKD"]
[Source "lmi"]
[SourceDate "2015.03.27"]

1. d4 Nf6 2. c4 g6 3. g3 Bg7 4. Bg2 O-O 5. Nf3 d6 6. O-O Nc6 7. h3 e5 8. Be3
Bf5 9. Nc3 a6 10. Rc1 Rb8 11. dxe5 dxe5 12. Bg5 Qxd1 13. Rfxd1 Ne4 14. Nd5 Nxg5
15. Nxg5 Bh6 16. f4 exf4 17. gxf4 f6 18. Ne4 Bxe4 19. Bxe4 f5 20. Bf3 Rf7 21.
b4 Bf8 22. e3 Kg7 23. c5 a5 24. a3 axb4 25. axb4 Nd8 26. Kf2 b6 27. cxb6 cxb6
28. Nc7 Kh6 29. Na6 1-0

[Event "Karposh Open 2015"]
[Site "Skopje MKD"]
[Date "2015.03.27"]
[Round "1.39"]
[White "Jeremic, Milan"]
[Black "Yanev, Tihomir"]
[Result "1/2-1/2"]
[WhiteElo "1997"]
[BlackElo "2419"]
[PlyCount "109"]
[EventDate "2015.03.27"]
[EventType "swiss"]
[EventRounds "9"]
[EventCountry "MKD"]
[Source "lmi"]
[SourceDate "2015.03.27"]

1. d4 d5 2. c4 c6 3. Nf3 Nf6 4. Nc3 e6 5. e3 Nbd7 6. Be2 Be7 7. O-O O-O 8. Qc2
b6 9. cxd5 exd5 10. Rb1 a5 11. a3 Ba6 12. b4 axb4 13. axb4 Bxe2 14. Nxe2 Qc7
15. b5 c5 16. Bd2 c4 17. Nc3 Rfe8 18. e4 dxe4 19. Nxe4 Rac8 20. Nc3 Bd6 21. Qf5
g6 22. Qc2 Qb7 23. Rfe1 Nd5 24. Ne4 Bf8 25. Ne5 Nxe5 26. dxe5 c3 27. Bg5 Re6
28. Nf6+ Nxf6 29. Bxf6 Bh6 30. Rb3 Bd2 31. Rd1 Ree8 32. h4 Qc7 33. h5 Qc4 34.
hxg6 fxg6 35. Ra3 Rc7 36. Ra4 Qe6 37. Rd4 Ra7 38. Ra4 Rea8 39. Rda1 Rxa4 40.
Rxa4 Rxa4 41. Qxa4 Bh6 42. Qc2 Qc4 43. e6 Bd2 44. g3 Qxe6 45. Bd4 Kf7 46. Kh2
Qd5 47. Bxb6 Qxb5 48. Qa2+ Kf6 49. Bd4+ Kg5 50. Qe6 Qf5 51. Qe7+ Kg4 52. Qe2+
Kg5 53. Qe7+ Kg4 54. Qe2+ Qf3 55. Qe6+ 1/2-1/2

[Event "Karposh Open 2015"]
[Site "Skopje MKD"]
[Date "2015.03.27"]
[Round "1.40"]
[White "Stanojoski, Zvonko"]
[Black "Uzumcu, Ahmet Utku"]
[Result "1-0"]
[WhiteElo "2418"]
[BlackElo "1983"]
[PlyCount "88"]
[EventDate "2015.03.27"]
[EventType "swiss"]
[EventRounds "9"]
[EventCountry "MKD"]
[Source "lmi"]
[SourceDate "2015.03.27"]

1. e4 e5 2. Nf3 Nc6 3. Bb5 a6 4. Bxc6 dxc6 5. Nc3 Bg4 6. h3 Bxf3 7. Qxf3 Qf6 8.
d3 Qxf3 9. gxf3 Ne7 10. f4 Ng6 11. fxe5 Nxe5 12. Ke2 O-O-O 13. f4 Ng6 14. Be3
c5 15. Rag1 b6 16. Nd5 Kb7 17. h4 h5 18. f5 Ne5 19. Bf4 Re8 20. Bxe5 Rxe5 21.
Nf4 Re8 22. Kf3 Rh7 23. Rg5 Be7 24. Rxh5 Rxh5 25. Nxh5 Rh8 26. f6 gxf6 27. Ng3
Kc6 28. Nf5 Bf8 29. h5 Kd7 30. h6 b5 31. h7 Ke6 32. c3 c4 33. dxc4 bxc4 34. Rh5
a5 35. a4 c5 36. Ne3 Be7 37. Nxc4 f5 38. exf5+ Kf6 39. Nxa5 Kg7 40. Nc6 Bd6 41.
a5 c4 42. a6 f6 43. Ke4 Bc5 44. Kd5 Be3 1-0

[Event "Karposh Open 2015"]
[Site "Skopje MKD"]
[Date "2015.03.27"]
[Round "1.41"]
[White "Dedebas, Emre Emin"]
[Black "Bogdanovski, Vlatko"]
[Result "1-0"]
[WhiteElo "1980"]
[BlackElo "2413"]
[PlyCount "62"]
[EventDate "2015.03.27"]
[EventType "swiss"]
[EventRounds "9"]
[EventCountry "MKD"]
[Source "lmi"]
[SourceDate "2015.03.27"]

1. d4 Nf6 2. Nf3 e6 3. c4 Bb4+ 4. Nbd2 O-O 5. Qc2 d5 6. a3 Be7 7. e4 dxe4 8.
Nxe4 Nbd7 9. Bd3 Nxe4 10. Bxe4 Nf6 11. Bd3 b6 12. Bg5 h6 13. Bxf6 Bxf6 14. Be4
Rb8 15. Rd1 Qd6 16. O-O a5 17. Rfe1 Bb7 18. Bxb7 Rxb7 19. Rd2 c6 20. Red1 b5
21. cxb5 Rxb5 22. Rc1 Rfb8 23. h3 Qf4 24. Rcd1 g6 25. Qxc6 Rxb2 26. Rxb2 Rxb2
27. d5 exd5 28. Qxd5 a4 29. g3 Qb8 30. Qc6 Qb6 31. Qxb6 Rxb6 1-0

[Event "Karposh Open 2015"]
[Site "Skopje MKD"]
[Date "2015.03.27"]
[Round "1.42"]
[White "Tosic, Miroslav"]
[Black "Kalofonos, Panayotis"]
[Result "1/2-1/2"]
[WhiteElo "2413"]
[BlackElo "1975"]
[PlyCount "47"]
[EventDate "2015.03.27"]
[EventType "swiss"]
[EventRounds "9"]
[EventCountry "MKD"]
[Source "lmi"]
[SourceDate "2015.03.27"]

1. d4 d5 2. c4 c6 3. Nf3 Nf6 4. Qc2 dxc4 5. Qxc4 Bf5 6. Nc3 e6 7. g3 Be7 8. Bg2
O-O 9. O-O Nbd7 10. a3 a5 11. Nh4 Bc2 12. e4 Nb6 13. Qe2 Bb3 14. Re1 Qxd4 15.
Be3 Qd8 16. Nf3 Nc4 17. Bg5 e5 18. Nh4 h6 19. Rad1 Qc7 20. Bxf6 Bxf6 21. Rd3 a4
22. Nf5 b5 23. Nb1 Rad8 24. Rf3 1/2-1/2

[Event "Karposh Open 2015"]
[Site "Skopje MKD"]
[Date "2015.03.27"]
[Round "1.43"]
[White "Harstad, Christian"]
[Black "Ivanov, Mikhail M"]
[Result "1/2-1/2"]
[WhiteElo "1951"]
[BlackElo "2412"]
[PlyCount "77"]
[EventDate "2015.03.27"]
[EventType "swiss"]
[EventRounds "9"]
[EventCountry "MKD"]
[Source "lmi"]
[SourceDate "2015.03.27"]

1. d4 d5 2. c4 dxc4 3. e4 Nc6 4. d5 Ne5 5. Nf3 Bg4 6. Bf4 Ng6 7. Be3 a6 8. Bxc4
Nh4 9. O-O Nxf3+ 10. gxf3 Bh3 11. Re1 Qd6 12. Kh1 e5 13. Nd2 Nf6 14. f4 Be7 15.
fxe5 Qxe5 16. f4 Qh5 17. Qxh5 Nxh5 18. Be2 Nf6 19. Rg1 g6 20. Bf3 O-O-O 21.
Rac1 Kb8 22. Rg3 Bc8 23. Bd4 Rhg8 24. Nc4 Nh5 25. Bxh5 gxh5 26. Rcg1 Rxg3 27.
Rxg3 f5 28. Rg7 Bf8 29. Rxh7 fxe4 30. Be5 Bd6 31. Bxd6 cxd6 32. Re7 Bg4 33. Kg2
b5 34. Na5 Bf3+ 35. Kf2 Rg8 36. Nc6+ Kc8 37. Na7+ Kd8 38. Nc6+ Kc8 39. Na7+
1/2-1/2

[Event "Karposh Open 2015"]
[Site "Skopje MKD"]
[Date "2015.03.27"]
[Round "1.44"]
[White "Arsovic, Goran"]
[Black "Konstantinov, Aleksandar"]
[Result "1-0"]
[WhiteElo "2412"]
[BlackElo "1947"]
[PlyCount "69"]
[EventDate "2015.03.27"]
[EventType "swiss"]
[EventRounds "9"]
[EventCountry "MKD"]
[Source "lmi"]
[SourceDate "2015.03.27"]

1. d4 Nf6 2. Nf3 e6 3. c4 b6 4. a3 Bb7 5. Nc3 d5 6. Bg5 Be7 7. Rc1 O-O 8. e3
Nbd7 9. cxd5 exd5 10. Bb5 c6 11. Ba4 Rc8 12. O-O Ne4 13. Bxe7 Qxe7 14. Re1 f5
15. b4 b5 16. Bb3 Rf6 17. Re2 Rcf8 18. Nd2 Rh6 19. Nf1 Qh4 20. f3 Nd6 21. Qe1
Qf6 22. Rd1 Kh8 23. a4 bxa4 24. Nxa4 Ba6 25. Ra2 Bxf1 26. Qxf1 Qh4 27. g3 Qe7
28. Qd3 Nb5 29. Nc5 Nb6 30. Re2 Qg5 31. Rde1 Rh3 32. Rf2 Nd6 33. Ne6 Rxg3+ 34.
hxg3 Qxg3+ 35. Kf1 1-0

[Event "Karposh Open 2015"]
[Site "Skopje MKD"]
[Date "2015.03.27"]
[Round "1.45"]
[White "Emmanouilidis, Athanasios"]
[Black "Jacimovic, Dragoljub"]
[Result "0-1"]
[WhiteElo "1946"]
[BlackElo "2411"]
[PlyCount "76"]
[EventDate "2015.03.27"]
[EventType "swiss"]
[EventRounds "9"]
[EventCountry "MKD"]
[Source "lmi"]
[SourceDate "2015.03.27"]

1. e4 e6 2. d4 d5 3. Nc3 Bb4 4. a3 Bxc3+ 5. bxc3 Ne7 6. Qg4 O-O 7. e5 c5 8. Bd3
Qa5 9. Bd2 Nbc6 10. Nf3 f5 11. exf6 Rxf6 12. Ne5 c4 13. Be2 Nxe5 14. dxe5 Rf5
15. f4 Qb6 16. Qh3 Bd7 17. Qe3 Qb2 18. O-O Qxc2 19. a4 Rff8 20. Rfe1 Qg6 21.
Rab1 Bc6 22. Qh3 b6 23. Bg4 Nf5 24. Bh5 Qh6 25. g4 Be8 26. gxf5 Bxh5 27. f6
Qg6+ 28. Kf2 Bg4 29. Qh4 Qd3 30. Qxg4 Qxd2+ 31. Kg3 Rf7 32. Qxe6 gxf6 33. Rg1
Raf8 34. exf6 Kh8 35. Kh3 Qxc3+ 36. Rg3 Qxf6 37. Qxd5 Qf5+ 38. Qxf5 Rxf5 0-1

[Event "Karposh Open 2015"]
[Site "Skopje MKD"]
[Date "2015.03.27"]
[Round "1.46"]
[White "Santiago, Yago De Moura"]
[Black "Taylor, Robert Graham"]
[Result "1-0"]
[WhiteElo "2410"]
[BlackElo "1946"]
[PlyCount "75"]
[EventDate "2015.03.27"]
[EventType "swiss"]
[EventRounds "9"]
[EventCountry "MKD"]
[Source "lmi"]
[SourceDate "2015.03.27"]

1. d4 d5 2. c4 e6 3. Nc3 c6 4. e3 Nf6 5. Nf3 a6 6. b3 Nbd7 7. Bd3 Bd6 8. Bb2
O-O 9. O-O Qe7 10. cxd5 exd5 11. Qc2 Re8 12. a3 Ne4 13. b4 f5 14. Rfe1 g5 15.
Nd2 Qf6 16. f3 Nxd2 17. Qxd2 Nf8 18. Bc2 Qh6 19. g3 f4 20. e4 fxg3 21. e5 Qxh2+
22. Qxh2 gxh2+ 23. Kxh2 Be7 24. Na4 Ne6 25. Nb6 Rb8 26. Kg3 Bd8 27. Nxc8 Rxc8
28. Rh1 Rc7 29. Rh6 Nf4 30. Rah1 Ree7 31. Bf5 Kh8 32. Kg4 Rg7 33. Bc1 Rcf7 34.
e6 Re7 35. Bxf4 gxf4+ 36. Kxf4 Bc7+ 37. Ke3 a5 38. Bxh7 1-0

[Event "Karposh Open 2015"]
[Site "Skopje MKD"]
[Date "2015.03.27"]
[Round "1.47"]
[White "Milanovic, Maja"]
[Black "Radovanovic, Nikola"]
[Result "0-1"]
[WhiteElo "1935"]
[BlackElo "2399"]
[PlyCount "108"]
[EventDate "2015.03.27"]
[EventType "swiss"]
[EventRounds "9"]
[EventCountry "MKD"]
[Source "lmi"]
[SourceDate "2015.03.27"]

1. e4 c5 2. Nf3 a6 3. Nc3 b5 4. a3 d6 5. d3 Bb7 6. g3 e6 7. Bg2 Nf6 8. O-O Nbd7
9. Re1 Be7 10. Bf4 O-O 11. e5 dxe5 12. Nxe5 Bxg2 13. Kxg2 Nxe5 14. Bxe5 Nd7 15.
Bf4 Nb6 16. Qf3 Qd7 17. Rad1 Rad8 18. Ne4 Qc8 19. h4 f6 20. Bd2 e5 21. Ba5 Qb8
22. Nc3 Rd7 23. Bxb6 Qxb6 24. Nd5 Qd6 25. c4 Rb8 26. b3 Rdb7 27. Re3 Bf8 28. h5
Rf7 29. Qf5 Qc6 30. Rf3 Rd8 31. Rh1 Rd6 32. Qe4 Rfd7 33. h6 g6 34. g4 Re6 35.
Rfh3 Rf7 36. Rh4 Qd7 37. R1h3 f5 38. gxf5 gxf5 39. Rg3+ Kh8 40. Qe2 f4 41. Rgh3
Rf5 42. Kf1 Rg5 43. Rh5 Reg6 44. Rh1 Qf5 45. R5h4 bxc4 46. bxc4 Qf7 47. Qb2 f3
48. Rf4 Rg1+ 49. Rxg1 Rxg1+ 50. Kxg1 Qg6+ 51. Kf1 Qg2+ 52. Ke1 Qg1+ 53. Kd2
Qxf2+ 54. Kd1 Qf1+ 0-1

[Event "Karposh Open 2015"]
[Site "Skopje MKD"]
[Date "2015.03.27"]
[Round "1.48"]
[White "Saduakassova, Dinara"]
[Black "Yazici, Ugur Doga"]
[Result "1-0"]
[WhiteElo "2398"]
[BlackElo "1928"]
[PlyCount "87"]
[EventDate "2015.03.27"]
[EventType "swiss"]
[EventRounds "9"]
[EventCountry "MKD"]
[Source "lmi"]
[SourceDate "2015.03.27"]

1. d4 c5 2. d5 e5 3. e4 d6 4. c4 Be7 5. Nf3 Bg4 6. Nc3 a6 7. Be2 Bxf3 8. Bxf3
Bg5 9. Bxg5 Qxg5 10. Qb3 Qe7 11. Na4 Qc7 12. Qb6 Kd8 13. Qb3 Nd7 14. O-O Ngf6
15. Qe3 Ke7 16. Rab1 b5 17. Nc3 Qa5 18. a3 b4 19. Ne2 bxa3 20. bxa3 Rab8 21. g4
Rxb1 22. Rxb1 Rb8 23. Rxb8 Nxb8 24. Ng3 g6 25. h4 Qa4 26. Be2 Nbd7 27. h5 Nb6
28. Qc3 Kd8 29. Kg2 Kc7 30. Qf3 Nbd7 31. g5 Nxh5 32. Nxh5 gxh5 33. Qxf7 Qc2 34.
Bf3 Qd2 35. Qf5 Qf4 36. Bxh5 Qh4 37. Qg4 Qxg4+ 38. Bxg4 Nf8 39. Bf5 Kd8 40. Kg3
Ke8 41. f4 Ke7 42. Kg4 Kf7 43. fxe5 dxe5 44. Kh5 1-0

[Event "Karposh Open 2015"]
[Site "Skopje MKD"]
[Date "2015.03.27"]
[Round "1.49"]
[White "Can, Isik"]
[Black "Kerigan, Demre"]
[Result "0-1"]
[WhiteElo "1923"]
[BlackElo "2397"]
[PlyCount "58"]
[EventDate "2015.03.27"]
[EventType "swiss"]
[EventRounds "9"]
[EventCountry "MKD"]
[Source "lmi"]
[SourceDate "2015.03.27"]

1. e4 d6 2. d4 Nf6 3. Nc3 g6 4. f4 Bg7 5. Nf3 c5 6. Bb5+ Bd7 7. e5 Ng4 8. Bxd7+
Qxd7 9. h3 cxd4 10. Qxd4 Nh6 11. Qe4 Nf5 12. Ne2 h5 13. Bd2 Qc6 14. Qxc6+ Nxc6
15. Bc3 O-O-O 16. exd6 Bxc3+ 17. Nxc3 Rxd6 18. Ne4 Rd5 19. Kf2 Rhd8 20. g4 Nfd4
21. Nxd4 Rxd4 22. Ke3 f5 23. gxf5 gxf5 24. Ng3 e6 25. Nxh5 Re4+ 26. Kf3 Nd4+
27. Kg3 Rg8+ 28. Kf2 Re2+ 29. Kf1 Rgg2 0-1